Statistics for Countries With The Highest HDI - With Exceptions

Click here to take the quiz!

General Stats

  • This quiz has been taken 28 times
  • The average score is 25 of 29

Answer Stats

HDICountry% Correct
0.952Australia
95%
0.933Canada
95%
0.809Costa Rica
95%
0.919Israel
95%
0.925Japan
95%
0.937New Zealand
95%
0.939Singapore
95%
0.928South Korea
95%
0.918United States
95%
0.859Chile
91%
0.838Kuwait
91%
0.806Panama
91%
0.871Saudi Arabia
91%
0.931Taiwan
91%
0.921United Arab Emirates
91%
0.847Argentina
86%
0.875Bahrain
86%
0.855Qatar
86%
0.813Uruguay
86%
0.812Bahamas
82%
0.829Brunei
82%
0.816Oman
77%
0.800Thailand
77%
0.831Turkey
77%
0.811Kazakhstan
73%
0.803Malaysia
73%
0.802Georgia
64%
0.896Cyprus
59%
0.802Mauritius
55%

Score Distribution

Percentile by Number Answered

Percent of People with Each Score

Your Score History

You have not taken this quiz